[Event "GRENKE Chess Open 2024"]
[Site "Karlsruhe"]
[Date "2024.04.01"]
[Round "9.14"]
[White "Erdogmus, Yagiz Kaan"]
[Black "Nothnagel, Marian Can"]
[Result "1-0"]
[WhiteElo "2540"]
[BlackElo "2381"]
[Annotator "RC"]
[PlyCount "69"]
[EventDate "2024.03.28"]
[EventType "swiss"]
[EventCountry "GER"]
[SourceTitle "playchess.com"]
[Source "ChessBase"]
[SourceQuality "1"]

1. e4 e5 2. Nf3 Nc6 3. Bb5 a6 4. Ba4 Nf6 5. O-O d6 6. Re1 Bd7 7. c3 g6 8. d4 Bg7 9. Bg5 O-O 10. Nbd2 h6 11. Bh4 exd4 12. Nxd4 Nxd4 13. cxd4 Bxa4 14. Qxa4 Qd7 15. Qb3 Nh5 16. Nf3 Rab8 17. Rac1 Rfe8 18. Qd3 Qg4 19. Bg3 Nxg3 20. hxg3 Re7 21. Qb3 c6 22. Rxc6 Rxe4 23. Rxe4 Qxe4 24. Rxd6 Rc8 25. Rd7 Rc1+ 26. Kh2 Qf5 27. Rd8+ Kh7 28. g4 Qf6 29. Rd7 Kg8 30. g3 Bf8 31. Kg2 Bd6 32. Qd5 Bc7 33. Qxb7 Bf4 34. gxf4 Qxf4 35. Ne5 1-0

[Event "GRENKE Chess Open 2024"]
[Site "Karlsruhe"]
[Date "2024.04.01"]
[Round "9.14"]
[White "Gallana, Marco"]
[Black "Vanczak, Tamas"]
[Result "0-1"]
[WhiteElo "2258"]
[BlackElo "2431"]
[Annotator "ChessBase"]
[PlyCount "64"]
[EventDate "2024.03.28"]
[EventType "swiss"]
[EventCountry "GER"]
[SourceTitle "playchess.com"]
[Source "ChessBase"]
[SourceQuality "1"]

1. c4 f5 2. g3 Nf6 3. Bg2 g6 4. Nc3 Bg7 5. b4 O-O 6. Bb2 e5 7. d3 d6 8. Nf3 h6 9. b5 Nbd7 10. Nd2 Nc5 11. Nb3 Ne6 12. Nd5 Rb8 13. Qc2 Kh7 14. Bc3 Bd7 15. Nxf6+ Bxf6 16. Na5 Nc5 17. a4 e4 18. O-O exd3 19. exd3 f4 20. Rfd1 f3 21. Bf1 Bf5 22. Qb2 Bg5 23. Nb3 Nxb3 24. Qxb3 Qd7 25. d4 Rbe8 26. Re1 Bh3 27. Bd3 Re2 28. Rxe2 fxe2 29. Qc2 Qf7 30. Qxe2 Re8 31. Qd1 Rf8 32. Ra2 Qf3 0-1

[Event "GRENKE Chess Open 2024"]
[Site "Karlsruhe"]
[Date "2024.04.01"]
[Round "9.15"]
[White "Cernov, Vadim"]
[Black "Eugene, Floryan"]
[Result "0-1"]
[WhiteElo "2255"]
[BlackElo "2422"]
[Annotator "ChessBase"]
[PlyCount "44"]
[EventDate "2024.03.28"]
[EventType "swiss"]
[EventCountry "GER"]
[SourceTitle "playchess.com"]
[Source "ChessBase"]
[SourceQuality "1"]

1. e4 c5 2. Nf3 Nc6 3. Bb5 Nf6 4. Nc3 Qc7 5. O-O Nd4 6. Re1 a6 7. Bc4 Ng4 8. e5 h5 9. Nd5 Qc6 10. Nxd4 cxd4 11. d3 e6 12. Nf4 d6 13. exd6 Bxd6 14. h3 Ne5 15. Nxh5 b5 16. Bb3 Bb7 17. Nxg7+ Kd7 18. Re4 Rag8 19. Nxe6 fxe6 20. Bf4 Rh4 21. f3 Rxf4 22. Rxf4 Nxf3+ 0-1

[Event "GRENKE Chess Open 2024"]
[Site "Karlsruhe"]
[Date "2024.04.01"]
[Round "9.16"]
[White "Lavrencic, Matic"]
[Black "Gharibyan, Mamikon"]
[Result "0-1"]
[WhiteElo "2322"]
[BlackElo "2499"]
[Annotator "TA"]
[PlyCount "66"]
[EventDate "2024.03.28"]
[EventType "swiss"]
[EventCountry "GER"]
[SourceTitle "playchess.com"]
[Source "ChessBase"]
[SourceQuality "1"]

1. e4 e5 2. Nf3 Nc6 3. Bb5 a6 4. Ba4 Nf6 5. O-O Be7 6. d3 b5 7. Bb3 d6 8. c3 O-O 9. a4 b4 10. Nbd2 Rb8 11. a5 bxc3 12. bxc3 h6 13. h3 Re8 14. Nc4 Bf8 15. Ba4 Bd7 16. Qc2 Ne7 17. Bd2 Ng6 18. Bb3 Qc8 19. Kh2 Be6 20. Ba4 Rd8 21. Ne3 Nf4 22. Ng1 d5 23. exd5 N6xd5 24. Nxd5 Bxd5 25. Bxf4 exf4 26. Qe2 Rd6 27. Nf3 Re6 28. Qd1 Rb2 29. c4 Ba8 30. d4 Be4 31. d5 Rg6 32. Qe1 Bxf3 33. gxf3 Rg3 0-1

[Event "GRENKE Chess Open 2024"]
[Site "Karlsruhe"]
[Date "2024.04.01"]
[Round "9.16"]
[White "Weihrauch, Jakob"]
[Black "Ostrovskiy, Andrey"]
[Result "1/2-1/2"]
[WhiteElo "2248"]
[BlackElo "2420"]
[Annotator "RC"]
[PlyCount "33"]
[EventDate "2024.03.28"]
[EventType "swiss"]
[EventCountry "GER"]
[SourceTitle "playchess.com"]
[Source "ChessBase"]
[SourceQuality "1"]

1. e4 e5 2. Nf3 Nc6 3. Bb5 a6 4. Ba4 Nf6 5. O-O Be7 6. Re1 b5 7. Bb3 d6 8. c3 O-O 9. h3 h6 10. d4 Re8 11. Nbd2 Bf8 12. Bc2 Bd7 13. Nf1 a5 14. d5 Ne7 15. a4 bxa4 16. Bxa4 c6 17. dxc6 1/2-1/2

[Event "GRENKE Chess Open 2024"]
[Site "Karlsruhe"]
[Date "2024.04.01"]
[Round "9.17"]
[White "Feuerstack, Aljoscha"]
[Black "Pasti, Aron"]
[Result "1-0"]
[WhiteElo "2471"]
[BlackElo "2373"]
[Annotator "TA"]
[PlyCount "67"]
[EventDate "2024.03.28"]
[EventType "swiss"]
[EventCountry "GER"]
[SourceTitle "playchess.com"]
[Source "ChessBase"]
[SourceQuality "1"]

1. d4 Nf6 2. c4 e6 3. g3 d5 4. Nf3 Be7 5. Bg2 O-O 6. O-O c6 7. Nc3 b6 8. Ne5 Nfd7 9. cxd5 Nxe5 10. dxe5 exd5 11. Nxd5 Ba6 12. Nxe7+ Qxe7 13. Qd6 Qxd6 14. exd6 Bxe2 15. Re1 Bc4 16. Bf4 h6 17. Rad1 Rd8 18. Re7 Kf8 19. a4 Bb3 20. Rd4 Be6 21. Rb7 Bd7 22. b4 a5 23. Rxb6 axb4 24. Rdxb4 Na6 25. Rc4 Nb8 26. h4 Be6 27. Rcb4 Bd5 28. Bxd5 cxd5 29. Be3 Ke8 30. Rg4 Nd7 31. Rb5 g6 32. Rxd5 Nf6 33. Re5+ Kd7 34. Rd4 1-0

[Event "GRENKE Chess Open 2024"]
[Site "Karlsruhe"]
[Date "2024.04.01"]
[Round "9.17"]
[White "Fedorovsky, Michael"]
[Black "Ulasevich, Sergei"]
[Result "0-1"]
[WhiteElo "2419"]
[BlackElo "2261"]
[Annotator "RC"]
[PlyCount "90"]
[EventDate "2024.03.28"]
[EventType "swiss"]
[EventCountry "GER"]
[SourceTitle "playchess.com"]
[Source "ChessBase"]
[SourceQuality "1"]

1. d4 Nf6 2. c4 g6 3. Nc3 Bg7 4. e4 d6 5. Be2 O-O 6. h4 h5 7. Nf3 c5 8. d5 e6 9. dxe6 Bxe6 10. Ng5 Nc6 11. Nxe6 fxe6 12. Qd3 Nd7 13. Qg3 Nd4 14. Qxg6 Ne5 15. Qxh5 Nc2+ 16. Kd1 Nxa1 17. Be3 Qa5 18. Kc1 Nb3+ 19. axb3 Qa1+ 20. Nb1 Nc6 21. e5 Nxe5 22. Qg5 Nc6 23. Qg6 Qxb2+ 24. Kd1 Qxb3+ 25. Qc2 Qxc2+ 26. Kxc2 Nd4+ 27. Bxd4 Bxd4 28. f3 a6 29. g4 b5 30. Nd2 bxc4 31. Nxc4 d5 32. Nd2 c4 33. Rd1 Be5 34. Re1 Bg3 35. Rh1 Rfb8 36. g5 Be5 37. Nxc4 Rc8 38. Re1 dxc4 39. Bf1 Rc5 40. f4 Bxf4 41. Rxe6 Be5 42. Rg6+ Kf8 43. Rb6 a5 44. h5 a4 45. h6 a3 0-1

[Event "GRENKE Chess Open 2024"]
[Site "Karlsruhe"]
[Date "2024.04.01"]
[Round "9.17"]
[White "Gloeckler, Christian"]
[Black "Sydykov, Bayastan"]
[Result "1/2-1/2"]
[WhiteElo "2356"]
[BlackElo "2183"]
[Annotator "ChessBase"]
[PlyCount "105"]
[EventDate "2024.03.28"]
[EventType "swiss"]
[EventCountry "GER"]
[SourceTitle "playchess.com"]
[Source "ChessBase"]
[SourceQuality "1"]

1. e4 e6 2. d4 d5 3. Nd2 c5 4. exd5 Qxd5 5. dxc5 Bxc5 6. Ngf3 Nf6 7. Bc4 Qd7 8. O-O Nc6 9. Nb3 Qxd1 10. Rxd1 Bb6 11. c3 Bd7 12. Bf4 a6 13. Kf1 O-O-O 14. Ke2 h6 15. Ne5 Nh5 16. Nxf7 Nxf4+ 17. Kf1 Rhf8 18. Nxd8 Kxd8 19. f3 Ke7 20. Re1 Rf5 21. Re4 g5 22. Rae1 g4 23. g3 Nh3 24. f4 Rf6 25. Nd2 Ng5 26. R4e2 Nf3 27. Rd1 Nxd2+ 28. Rexd2 Ne5 29. Ke2 Ba4 30. fxe5 Bxd1+ 31. Kxd1 Rf8 32. Be2 h5 33. Bd3 Rd8 34. Kc2 Bc7 35. Re2 Rd5 36. Bg6 Bxe5 37. Be4 Rc5 38. Bxb7 a5 39. Re4 Bf6 40. Ra4 Rf5 41. Be4 Rf2+ 42. Kb3 Be5 43. Rxa5 Kf6 44. Ra8 Rxh2 45. a4 Bxg3 46. a5 Bf2 47. a6 g3 48. a7 Ke5 49. Bb7 h4 50. Bc6 Bb6 51. Ka3 Rf2 52. b4 Rf7 53. Kb3 1/2-1/2

[Event "GRENKE Chess Open 2024"]
[Site "Karlsruhe"]
[Date "2024.04.01"]
[Round "9.18"]
[White "Bazakutsa, Svyatoslav"]
[Black "Dahl, Christoph"]
[Result "1-0"]
[WhiteElo "2462"]
[BlackElo "2367"]
[Annotator "TA"]
[PlyCount "53"]
[EventDate "2024.03.28"]
[EventType "swiss"]
[EventCountry "GER"]
[SourceTitle "playchess.com"]
[Source "ChessBase"]
[SourceQuality "1"]

1. c4 Nf6 2. Nc3 e5 3. Nf3 Nc6 4. e4 Bc5 5. Nxe5 Nxe5 6. d4 Bb4 7. dxe5 Nxe4 8. Qf3 d5 9. Be2 Qe7 10. O-O Bxc3 11. bxc3 Qxe5 12. Bf4 Qxc3 13. Bd3 Nc5 14. Rae1+ Be6 15. Rxe6+ Nxe6 16. cxd5 O-O-O 17. Rc1 Qa3 18. Rxc7+ Nxc7 19. Bf5+ Kb8 20. Qxa3 Rxd5 21. Bg4 f5 22. Bf3 Rb5 23. h4 Rc8 24. Qe7 Rb2 25. Bxc7+ Rxc7 26. Qe8+ Rc8 27. Qe5+ 1-0

[Event "GRENKE Chess Open 2024"]
[Site "Karlsruhe"]
[Date "2024.04.01"]
[Round "9.18"]
[White "Garifullina, Leya"]
[Black "Kocharin, Timur"]
[Result "1-0"]
[WhiteElo "2413"]
[BlackElo "2259"]
[Annotator "ChessBase"]
[PlyCount "47"]
[EventDate "2024.03.28"]
[EventType "swiss"]
[EventCountry "GER"]
[SourceTitle "playchess.com"]
[Source "ChessBase"]
[SourceQuality "1"]

1. d4 d5 2. c4 c6 3. Nf3 Nf6 4. Nc3 a6 5. a4 e6 6. Bg5 Bb4 7. Qb3 Qa5 8. Bxf6 gxf6 9. e3 Nd7 10. Be2 dxc4 11. Qxc4 b5 12. Qb3 Nb6 13. O-O Bxc3 14. axb5 Qb4 15. Qxc3 Qxc3 16. bxc3 cxb5 17. Nd2 Bd7 18. Ne4 Ke7 19. Nc5 Rhc8 20. Ra3 Na4 21. Nxd7 Kxd7 22. c4 Ra7 23. cxb5 Nc3 24. Bd3 1-0

[Event "GRENKE Chess Open 2024"]
[Site "Karlsruhe"]
[Date "2024.04.01"]
[Round "9.19"]
[White "Nemec, Jachym"]
[Black "Hoeglauer, Patrick"]
[Result "1-0"]
[WhiteElo "2412"]
[BlackElo "2256"]
[Annotator "ChessBase"]
[PlyCount "51"]
[EventDate "2024.03.28"]
[EventType "swiss"]
[EventCountry "GER"]
[SourceTitle "playchess.com"]
[Source "ChessBase"]
[SourceQuality "1"]

1. d4 d5 2. c4 c6 3. Nf3 Nf6 4. g3 Bf5 5. Nc3 e6 6. Nh4 dxc4 7. Nxf5 exf5 8. Bh3 g6 9. O-O Bg7 10. b3 cxb3 11. Qxb3 Qb6 12. Rb1 Qxb3 13. Rxb3 b6 14. Bg2 Ne4 15. Nxe4 fxe4 16. Bxe4 Bxd4 17. Rd1 Bc5 18. Bh6 f5 19. Bf3 Kf7 20. e4 fxe4 21. Bxe4 Re8 22. Rf3+ Ke6 23. Bc2 Na6 24. Bb3+ Ke5 25. Bg7+ Ke4 26. Rf4# 1-0

[Event "GRENKE Chess Open 2024"]
[Site "Karlsruhe"]
[Date "2024.04.01"]
[Round "9.19"]
[White "Knuedel, Torben"]
[Black "Koellner, Ruben Gideon"]
[Result "0-1"]
[WhiteElo "2299"]
[BlackElo "2453"]
[Annotator "ChessBase"]
[PlyCount "72"]
[EventDate "2024.03.28"]
[EventType "swiss"]
[EventCountry "GER"]
[SourceTitle "playchess.com"]
[Source "ChessBase"]
[SourceQuality "1"]

1. e4 e5 2. Nf3 Nc6 3. Bb5 a6 4. Ba4 Nf6 5. O-O Bc5 6. c3 b5 7. Bb3 d6 8. d4 Bb6 9. a4 Bg4 10. axb5 axb5 11. Rxa8 Qxa8 12. d5 Ne7 13. Qd3 O-O 14. Bg5 Ng6 15. h3 Bd7 16. Na3 Nh5 17. Ra1 Ngf4 18. Bxf4 Nxf4 19. Qf1 Qd8 20. Nc2 Qf6 21. Nce1 Qg6 22. Kh2 Qxe4 23. Rd1 Qg6 24. Bc2 Qh6 25. Ng1 f5 26. Bd3 Nxd3 27. Nxd3 e4 28. Nb4 Qf4+ 29. Kh1 Qxf2 30. Qxf2 Bxf2 31. Rf1 Bb6 32. Ne2 g5 33. g3 f4 34. g4 h5 35. Nd4 hxg4 36. hxg4 Bxd4 0-1

[Event "GRENKE Chess Open 2024"]
[Site "Karlsruhe"]
[Date "2024.04.01"]
[Round "9.20"]
[White "Zuferi, Enis"]
[Black "Smeets, Kobe"]
[Result "1-0"]
[WhiteElo "2400"]
[BlackElo "2244"]
[Annotator "ChessBase"]
[PlyCount "85"]
[EventDate "2024.03.28"]
[EventType "swiss"]
[EventCountry "GER"]
[SourceTitle "playchess.com"]
[Source "ChessBase"]
[SourceQuality "1"]

1. e4 e5 2. Nf3 Nc6 3. Bb5 a6 4. Ba4 Nf6 5. O-O b5 6. Bb3 Bc5 7. c3 d6 8. d4 Bb6 9. h3 O-O 10. Be3 h6 11. Nbd2 Re8 12. Qb1 Rb8 13. Re1 Bd7 14. a3 a5 15. Qa2 Qe7 16. Rad1 a4 17. Bc2 Na5 18. Bd3 c5 19. Qb1 c4 20. Bc2 Nh7 21. Nf1 f6 22. Ng3 Nf8 23. Nh4 Nb7 24. Nhf5 Qd8 25. Qc1 Qc7 26. Rf1 Rbd8 27. f4 exd4 28. cxd4 Ng6 29. Nxg7 Kxg7 30. f5 Ne7 31. Nh5+ Kf7 32. Bxh6 Nc6 33. Nxf6 Nxd4 34. Nxe8 Rxe8 35. Kh1 Rg8 36. Bf4 Ne2 37. Qd2 Nxf4 38. Qxf4 Bc6 39. Qh6 Qe7 40. f6 Qe5 41. Qh7+ Kf8 42. Rf5 Bxe4 43. Qh6+ 1-0

[Event "GRENKE Chess Open 2024"]
[Site "Karlsruhe"]
[Date "2024.04.01"]
[Round "9.20"]
[White "Janeczko, Jakub"]
[Black "Buckels, Valentin"]
[Result "0-1"]
[WhiteElo "2278"]
[BlackElo "2450"]
[Annotator "TA"]
[PlyCount "114"]
[EventDate "2024.03.28"]
[EventType "swiss"]
[EventCountry "GER"]
[SourceTitle "playchess.com"]
[Source "ChessBase"]
[SourceQuality "1"]

1. e4 e5 2. Nc3 Nf6 3. Bc4 Bc5 4. d3 d6 5. Nf3 c6 6. O-O Bb6 7. d4 exd4 8. Nxd4 O-O 9. Bg5 Nbd7 10. Re1 Ne5 11. Bf1 h6 12. Bh4 Bg4 13. Be2 Bxe2 14. Rxe2 Ng6 15. Bg3 d5 16. Nf5 Nxe4 17. Nxe4 dxe4 18. Qxd8 Raxd8 19. Rxe4 Rd5 20. Ne7+ Nxe7 21. Rxe7 Rd2 22. Rc1 f5 23. Be5 Rf7 24. Re8+ Kh7 25. Bc3 Rxf2 26. Kh1 f4 27. Ree1 Be3 28. Rf1 Rxf1+ 29. Rxf1 g5 30. g4 f3 31. Be5 h5 32. h3 hxg4 33. hxg4 Kg6 34. Kh2 Re7 35. Bc3 f2 36. Kg2 Bc5 37. Rd1 Re2 38. Rc1 b5 39. Kf3 Rxc2 40. Rh1 b4 41. Be5 Kf7 42. Kg2 Ke6 43. Bg7 Kd5 44. Kf3 Bd4 45. Bh6 Bf6 46. Rd1+ Ke6 47. Bf8 a5 48. b3 Rxa2 49. Bc5 Rb2 50. Ke4 Be5 51. Rh1 Re2+ 52. Kf3 Re1 53. Rh6+ Kd5 54. Bxf2 Rb1 55. Be3 Rxb3 56. Ke2 a4 57. Bxg5 a3 0-1

[Event "GRENKE Chess Open 2024"]
[Site "Karlsruhe"]
[Date "2024.04.01"]
[Round "9.21"]
[White "Wachinger, Nikolas"]
[Black "Sidletskyi, Ivan"]
[Result "1-0"]
[WhiteElo "2442"]
[BlackElo "2336"]
[Annotator "TA"]
[PlyCount "53"]
[EventDate "2024.03.28"]
[EventType "swiss"]
[EventCountry "GER"]
[SourceTitle "playchess.com"]
[Source "ChessBase"]
[SourceQuality "1"]

1. e4 e6 2. d4 d5 3. e5 c5 4. c3 Nc6 5. Nf3 Bd7 6. Be2 Nge7 7. O-O cxd4 8. cxd4 Nf5 9. Nc3 Rc8 10. Bg5 Qb6 11. Na4 Qa5 12. Rc1 Be7 13. Bd2 Bb4 14. Rc5 Bxd2 15. Rxa5 Bxa5 16. a3 Bd8 17. Qd2 Nxe5 18. Nxe5 Bxa4 19. Qb4 Bc6 20. Nxc6 bxc6 21. Ba6 Be7 22. Qb7 O-O 23. g4 Rb8 24. Qxa7 Ra8 25. Qb7 Rfb8 26. Qc7 Bd8 27. Qxc6 1-0

[Event "GRENKE Chess Open 2024"]
[Site "Karlsruhe"]
[Date "2024.04.01"]
[Round "9.21"]
[White "Braun, Georg"]
[Black "Bogdanov, Artyom"]
[Result "1/2-1/2"]
[WhiteElo "2398"]
[BlackElo "2243"]
[Annotator "ChessBase"]
[PlyCount "74"]
[EventDate "2024.03.28"]
[EventType "swiss"]
[EventCountry "GER"]
[SourceTitle "playchess.com"]
[Source "ChessBase"]
[SourceQuality "1"]

1. Nf3 d5 2. g3 Nd7 3. d4 Nb6 4. Bg2 Nf6 5. O-O Bf5 6. a4 a5 7. Bd2 e6 8. Nh4 Bg4 9. b3 Be7 10. Qe1 Ne4 11. Bxa5 Bxe2 12. Qxe2 Rxa5 13. Qe1 Qa8 14. Bxe4 Bxh4 15. Bd3 Bf6 16. b4 Ra7 17. a5 Nd7 18. c3 O-O 19. Nd2 Re8 20. f4 b6 21. axb6 Nxb6 22. Nb3 Rxa1 23. Qxa1 Qxa1 24. Rxa1 Ra8 25. Rxa8+ Nxa8 26. Kf2 Nb6 27. Nc5 Be7 28. Bb5 Nc8 29. Bd3 g6 30. Ke3 Nd6 31. g4 h6 32. Na6 Bd8 33. f5 gxf5 34. gxf5 exf5 35. Kf4 Ne4 36. c4 dxc4 37. Bxc4 Nd6 1/2-1/2

[Event "GRENKE Chess Open 2024"]
[Site "Karlsruhe"]
[Date "2024.04.01"]
[Round "9.21"]
[White "Karamsetty, Jeevan"]
[Black "Reimann, Sebastian"]
[Result "1/2-1/2"]
[WhiteElo "2187"]
[BlackElo "2348"]
[Annotator "ChessBase"]
[PlyCount "67"]
[EventDate "2024.03.28"]
[EventType "swiss"]
[EventCountry "GER"]
[SourceTitle "playchess.com"]
[Source "ChessBase"]
[SourceQuality "1"]

1. e4 c5 2. Nc3 Nc6 3. Bb5 Nd4 4. Bc4 a6 5. a4 d6 6. Nge2 Nf6 7. d3 Nc6 8. O-O e6 9. Re1 Be7 10. d4 cxd4 11. Nxd4 O-O 12. Nxc6 bxc6 13. e5 dxe5 14. Rxe5 Qxd1+ 15. Nxd1 Rd8 16. Bd3 Nd5 17. Bd2 a5 18. Re1 Nb4 19. Bxb4 Bxb4 20. Nc3 f5 21. Re5 Kf7 22. Rae1 Bd6 23. R5e3 Bc5 24. Rh3 h6 25. Bc4 Rd2 26. Re2 Rxe2 27. Nxe2 Kf6 28. Rd3 Ra7 29. Nd4 Bd7 30. Nb3 Bb6 31. Kf1 Ke7 32. Nd2 e5 33. f3 Bc7 34. g3 1/2-1/2

[Event "GRENKE Chess Open 2024"]
[Site "Karlsruhe"]
[Date "2024.04.01"]
[Round "9.22"]
[White "Petkidis, Anthony"]
[Black "Bettalli, Francesco"]
[Result "1-0"]
[WhiteElo "2423"]
[BlackElo "2309"]
[Annotator "TA"]
[PlyCount "83"]
[EventDate "2024.03.28"]
[EventType "swiss"]
[EventCountry "GER"]
[SourceTitle "playchess.com"]
[Source "ChessBase"]
[SourceQuality "1"]

1. e4 c5 2. Nf3 Nc6 3. d4 cxd4 4. Nxd4 Nf6 5. Nc3 e5 6. Ndb5 d6 7. Nd5 Nxd5 8. exd5 Ne7 9. a4 Ng6 10. Be3 a6 11. Na3 f5 12. Nc4 f4 13. Bb6 Qe7 14. Qh5 Qf7 15. Bd3 Qxd5 16. O-O-O Qf7 17. Rhe1 Be6 18. Nxd6+ Bxd6 19. Bxg6 Qxg6 20. Qxg6+ hxg6 21. Rxd6 Ke7 22. Bc7 Rh5 23. Rb6 Kf6 24. Rxb7 Rc8 25. Ra7 Rg5 26. g3 fxg3 27. hxg3 Rf5 28. f4 exf4 29. gxf4 Rc5 30. Rxa6 R8xc7 31. Rexe6+ Kf5 32. c3 Kxf4 33. Rxg6 Rh5 34. Rad6 Kf5 35. a5 Rc5 36. Rxg7 Rxa5 37. Re7 Rb5 38. Rd2 Kf6 39. Re1 Rhf5 40. Kc2 Ra5 41. Ree2 Rf3 42. Rf2 1-0

[Event "GRENKE Chess Open 2024"]
[Site "Karlsruhe"]
[Date "2024.04.01"]
[Round "9.22"]
[White "Wenninger, Philipp"]
[Black "Hamid, Emran"]
[Result "1-0"]
[WhiteElo "2348"]
[BlackElo "2177"]
[Annotator "ChessBase"]
[PlyCount "171"]
[EventDate "2024.03.28"]
[EventType "swiss"]
[EventCountry "GER"]
[SourceTitle "playchess.com"]
[Source "ChessBase"]
[SourceQuality "1"]

1. d4 Nf6 2. c4 e6 3. g3 Bb4+ 4. Bd2 Qe7 5. Bg2 Nc6 6. Nf3 Bxd2+ 7. Nbxd2 d6 8. O-O e5 9. d5 Nb8 10. e4 a5 11. Ne1 Nbd7 12. Nd3 b6 13. f4 O-O 14. Qf3 Nc5 15. Nxc5 bxc5 16. f5 h6 17. g4 Nh7 18. Qg3 Bd7 19. h4 Rfb8 20. b3 a4 21. Kf2 c6 22. Ke2 Qd8 23. Bf3 f6 24. Bh1 Qa5 25. Rac1 Kf8 26. Rg1 Qb4 27. Qc3 Be8 28. Bf3 Ke7 29. Kd3 Ra7 30. Bd1 axb3 31. axb3 Bd7 32. Bc2 Rba8 33. Bb1 Rb7 34. Qxb4 Rxb4 35. Kc3 Kf7 36. Rcf1 Rb6 37. Rg3 Rba6 38. Rfg1 Rb8 39. Kb2 Rab6 40. Bc2 Ra6 41. Nf3 Rh8 42. R1g2 Be8 43. Bd1 Bd7 44. g5 hxg5 45. hxg5 Nxg5 46. Nxg5+ fxg5 47. Rxg5 Rh7 48. Bh5+ Kf8 49. Be2 cxd5 50. cxd5 Rb6 51. Kc2 Be8 52. R5g3 Rb7 53. Bd3 Rh1 54. Kc3 Rc1+ 55. Bc2 Rh1 56. Rf2 Kf7 57. Rg6 Rb6 58. Rfg2 Rh7 59. Re6 Bd7 60. Reg6 Be8 61. Bd3 Kf8 62. R6g3 Kf7 63. Ra2 Kf6 64. Ra8 Bf7 65. Rc8 Rb7 66. Ba6 Ra7 67. Rc6 Rd7 68. Bc8 Rd8 69. Be6 Be8 70. Rb6 g5 71. fxg6 Bxg6 72. Rxg6+ Kxg6 73. Bf5+ Kh6 74. Bxh7 Kxh7 75. Kc4 Kg6 76. Kb5 Kg5 77. Kc6 Kf4 78. Kc7 Rh8 79. Kxd6 Kxe4 80. Kxc5 Rc8+ 81. Rc6 Rb8 82. b4 Kd3 83. d6 e4 84. d7 Rd8 85. Rd6+ Kc3 86. Kc6 1-0

[Event "GRENKE Chess Open 2024"]
[Site "Karlsruhe"]
[Date "2024.04.01"]
[Round "9.23"]
[White "Ferey, Antonin"]
[Black "Hrbek, Stepan"]
[Result "0-1"]
[WhiteElo "2190"]
[BlackElo "2417"]
[Annotator "ChessBase"]
[PlyCount "186"]
[EventDate "2024.03.28"]
[EventType "swiss"]
[EventCountry "GER"]
[SourceTitle "playchess.com"]
[Source "ChessBase"]
[SourceQuality "1"]

1. d4 Nf6 2. c4 e6 3. Nf3 d5 4. Nc3 Bb4 5. cxd5 exd5 6. Bg5 h6 7. Bh4 Bf5 8. e3 O-O 9. Bd3 Bxd3 10. Qxd3 c6 11. Ne5 Be7 12. O-O Nbd7 13. f4 Ne8 14. Bf2 Nd6 15. b4 Nf6 16. b5 cxb5 17. Nxb5 Nde4 18. Rfc1 a6 19. Nc3 Nxc3 20. Qxc3 Rc8 21. Qb3 b5 22. Bh4 Qd6 23. Bxf6 Bxf6 24. Rc2 Rc4 25. Nxc4 dxc4 26. Qc3 Re8 27. Kf2 g5 28. g3 Qd5 29. Re2 gxf4 30. gxf4 Kh8 31. Rg1 Bh4+ 32. Rg3 Qh1 33. Qe1 Qxh2+ 34. Kf3 Bxg3 35. Qxg3 Qxg3+ 36. Kxg3 f5 37. Kf3 Kg7 38. Rg2+ Kf6 39. Rh2 Rh8 40. e4 fxe4+ 41. Kxe4 h5 42. d5 c3 43. Kd3 b4 44. Rh4 a5 45. Kc2 Kf5 46. a3 Kf6 47. axb4 axb4 48. f5 Rb8 49. Rh1 Kxf5 50. Rxh5+ Ke4 51. Kb3 Rc8 52. Rh1 Kxd5 53. Rh5+ Kd6 54. Rh6+ Kc5 55. Rh4 Rb8 56. Rg4 Rb6 57. Rh4 Kc6 58. Rg4 Kb7 59. Rh4 Ka6 60. Rg4 Rc6 61. Rg2 Kb5 62. Rh2 Rc5 63. Rg2 Ka5 64. Ra2+ Kb6 65. Rh2 Rc6 66. Rg2 Kc5 67. Rg4 Rb6 68. Rh4 Kd5 69. Rh5+ Ke4 70. Rh4+ Kf5 71. Rh5+ Kf4 72. Rh3 Ke5 73. Rh5+ Kd6 74. Rh1 Kc6 75. Rg1 Kb5 76. Rg5+ Ka6 77. Rg2 Ka5 78. Rh2 Rb5 79. Ra2+ Kb6 80. Rh2 Rc5 81. Rh1 Ka5 82. Rh2 Rd5 83. Rg2 Rd1 84. Rg5+ Kb6 85. Rg6+ Kc7 86. Rg4 Rb1+ 87. Ka2 Rb2+ 88. Ka1 Rb3 89. Ka2 Rb2+ 90. Ka1 Rb3 91. Ka2 Ra3+ 92. Kb1 Ra4 93. Kc2 b3+ 0-1

[Event "GRENKE Chess Open 2024"]
[Site "Karlsruhe"]
[Date "2024.04.01"]
[Round "9.24"]
[White "Giorgadze, Giorgi"]
[Black "Gnojek, Petr"]
[Result "1/2-1/2"]
[WhiteElo "2569"]
[BlackElo "2414"]
[Annotator "RC"]
[PlyCount "96"]
[EventDate "2024.03.28"]
[EventType "swiss"]
[EventCountry "GER"]
[SourceTitle "playchess.com"]
[Source "ChessBase"]
[SourceQuality "1"]

1. e4 c5 2. Nf3 d6 3. d4 cxd4 4. Nxd4 Nf6 5. f3 e5 6. Nb3 Be6 7. c4 Be7 8. Be3 O-O 9. Be2 Nbd7 10. Nc3 a6 11. O-O Rc8 12. Nd5 Bxd5 13. cxd5 Nh5 14. g3 g6 15. Qd2 Nc5 16. Nxc5 dxc5 17. f4 Qd6 18. Bxh5 gxh5 19. fxe5 Qxe5 20. Bf4 Qd4+ 21. Qxd4 cxd4 22. d6 Bd8 23. Bh6 Rc6 24. Bxf8 Kxf8 25. e5 Ke8 26. Rf5 f6 27. exf6 Kf7 28. d7 Rd6 29. Rxh5 Kg6 30. f7 Kxf7 31. Rxh7+ Kg6 32. Rh3 Rxd7 33. g4 Kg5 34. Rg3 Bc7 35. Rg2 Bf4 36. Kf2 Kh4 37. Kf3 Bg5 38. Rd1 d3 39. Rg3 d2 40. Ke2 Re7+ 41. Kd3 Rc7 42. a3 Rc8 43. Rg2 Rd8+ 44. Kc2 Rc8+ 45. Kb3 Rd8 46. Rg3 Bf4 47. Rc3 Bxh2 48. Rc4 b5 1/2-1/2

[Event "GRENKE Chess Open 2024"]
[Site "Karlsruhe"]
[Date "2024.04.01"]
[Round "9.24"]
[White "Moritz, Aron"]
[Black "Smolik, Jachym"]
[Result "1/2-1/2"]
[WhiteElo "2230"]
[BlackElo "2386"]
[Annotator "RC"]
[PlyCount "87"]
[EventDate "2024.03.28"]
[EventType "swiss"]
[EventCountry "GER"]
[SourceTitle "playchess.com"]
[Source "ChessBase"]
[SourceQuality "1"]

1. e4 e5 2. Nf3 Nc6 3. Bb5 a6 4. Ba4 Nf6 5. O-O b5 6. Bb3 Bc5 7. c3 d6 8. d4 Bb6 9. Be3 O-O 10. Nbd2 h6 11. h3 Re8 12. a3 Bb7 13. Bc2 Qd7 14. Re1 Rad8 15. d5 Ne7 16. Bxb6 cxb6 17. Bd3 Rb8 18. a4 bxa4 19. Rxa4 b5 20. Ra1 Nc8 21. Nh4 g6 22. Nb3 Nb6 23. Na5 Ba8 24. Qd2 Kg7 25. f4 exf4 26. Qxf4 Na4 27. Qg3 Nh5 28. Qf2 Qe7 29. Nf3 Qc7 30. Nb3 Nf6 31. Nh4 Nd7 32. Nd4 Re5 33. Re3 Rf8 34. Rf1 Qd8 35. Bb1 Bb7 36. Nc6 Bxc6 37. dxc6 Nb8 38. Rf3 Qe7 39. Ba2 f6 40. Bd5 Nc5 41. Rg3 Rg5 42. Nf3 Nd3 43. Nxg5 Nxf2 44. Ne6+ 1/2-1/2